General Knowledge Manual 2023 / (Record no. 195271)
[ view plain ]
| 000 -LEADER | |
|---|---|
| fixed length control field | 00697nam a22002057a 4500 |
| 005 - DATE AND TIME OF LATEST TRANSACTION | |
| control field | 20230317121116.0 |
| 010 ## - LCCN (DPL NO) | |
| LC control number | ENG-136430 |
| 020 ## - INTERNATIONAL STANDARD BOOK NUMBER | |
| Terms of availability | 850.00 |
| International Standard Book Number | 9789356062641 |
| 035 ## - SYSTEM CONTROL NUMBER | |
| System control number | EN-119962 |
| 037 ## - SOURCE OF ACQUISITION | |
| Source of stock number/acquisition | DBAD/PUB |
| 082 ## - DEWEY DECIMAL CLASSIFICATION NUMBER | |
| Classification number | 000 |
| 100 ## - MAIN ENTRY--PERSONAL NAME | |
| Personal name | Thorpe, Edgar |
| 245 ## - TITLE STATEMENT | |
| Title | General Knowledge Manual 2023 / |
| Statement of responsibility, etc | By Edgar Thorpe and Showick Thorpe |
| 250 ## - EDITION STATEMENT | |
| Edition statement | First |
| 260 ## - PUBLICATION, DISTRIBUTION, ETC. (IMPRINT) | |
| Name of publisher, distributor, etc | Pearson India Education Services Pvt Ltd |
| Place of publication, distribution, etc | Noida |
| 270 ## - ADDRESS | |
| Address | 15 th, Tower- B, World Trade Tower, Plot No 1, Block C, Sector -16 |
| Electronic mail address | companysecretary.india@pearson.com |
| City | Uttar Pradesh |
| Postal code | 201301 |
| 300 ## - PHYSICAL DESCRIPTION | |
| Extent | xxiii8.67p. |
| Dimensions | 25cm(pbk) |
| 700 ## - ADDED ENTRY--PERSONAL NAME | |
| Personal name | Thorpe,Showick |
| Relator term | Author |
| 942 ## - ADDED ENTRY ELEMENTS (KOHA) | |
| Source of classification or shelving scheme | Dewey Decimal Classification |
| Item type | English Books |
| Classification part | 000 |
| Call number suffix | EDG |
| Withdrawn status | Lost status | Not for loan | Collection code | Home library | Current library | Date acquired | Source of acquisition | Cost, normal purchase price | Full call number | Barcode | Copy number | Koha item type |
|---|---|---|---|---|---|---|---|---|---|---|---|---|
| Non-fiction | Katevara | Katevara | 16/03/2023 | DBAD/PUB | 850.00 | 000 EDG | EN-119962 | 1 | English Books |
